00593nam a2200181 a 4500001001300000003000900013005001700022008004100039020001000080082001600090100001400106245005500120260005000175300001000225500003500235505006800270505007300338nice12345678IN_TiNIC20260116011634.0050524s1970 cama grp 000 0 eng  ac9.400a297.09bHOL aHolt, P M aCambridge History of Islamb Central Islamic Lands aCambridge bCambridge University Press c1970 a966p. aincludes index and biblioraphy2 avol.2, further islamic lands, islamic society and civilization.2 avol.2, further islamic lands, islamic society and civilization.00gV